| 000 | 01276cam a22002891a 4500 | ||
|---|---|---|---|
| 001 | e 15000585 | ||
| 003 | DLC | ||
| 005 | 20260227111203.0 | ||
| 007 | cr_||||||||||| | ||
| 007 | cr_||||||||||| | ||
| 008 | 860711s1877 mau 000 0beng c | ||
| 010 | _ae 15000585 | ||
| 035 | _a(OCoLC)13862059 | ||
| 040 |
_aLibrary, U.S. Bur. of Education _cWHi _dDLC |
||
| 050 | 0 | 0 |
_aLD152.8.S6 _bP7 |
| 100 | 1 |
_aPoor, D. W. _q(Daniel Warren), _d1818-1897. |
|
| 245 | 1 | 0 |
_aEbenezer S. Snell : _baddresses at their annual meeting of the Amherst College Alumni, commemorative of the late Professor Snell, Wednesday, June 27, 1877 / _cby Rev. Daniel W. Poor, and Prof. William C. Esty. |
| 260 |
_aSpringfield, Mass. : _bClark W. Bryan & Company, printers, _c1877. |
||
| 300 |
_a40 p. ; _c23 cm. |
||
| 505 | 0 | _aRev. Dr. Poor's address / Daniel W. Poor--Professor Esty's address / William C. Esty. | |
| 530 | _aAlso available in digital form on the Internet Archive Web site. | ||
| 530 | _aAlso available in digital form on the Internet Archive Web site. | ||
| 600 | 1 | 0 |
_aSnell, E. S. _q(Ebenezer Strong), _d1801-1876. |
| 700 | 1 |
_aEsty, William Cole, _d1838-1916. |
|
| 856 | 4 | 1 | _uhttp://hdl.loc.gov/loc.gdc/scd0001.00196294582 |
| 856 | 4 | 1 | _uhttp://hdl.loc.gov/loc.gdc/scd0001.00196294594 |
| 999 |
_c19797 _d19797 |
||